000 00321nam a2200133 i 4500
001 bg
100 1 _aJackson, John David
_d(1925- ).
245 0 _aElektrodynamika klasyczna /
_cJ.D. Jackson.
260 _aWarszawa,
_c1982.
040 _cBPK
041 _apol
942 _cKS
008 s pl f |000 0 pol
999 _c20745
_d20745
856 _uhttp://koha.tu.koszalin.pl/cgi-bin/koha/opac-detail.pl?biblionumber=20745
_yKatalog online BPK